01338nam a2200217Ia 4500003000900000005001700009008004100026040003100067040001300098041000800111100003200119245017500151250001100326260003800337300002000375520056800395710002800963942001200991999001701003952010001020IT-RoPAU20220918175717.0120407s9999 xx 000 0 und d aIT-RoPAUc20140324152500.0 cIT-RoPAU aita aCasa Generalizia FSP917258 aAtti Convegno “ Vi porto nel cuore “ba 25 anni dalla morte della Serva di Dio Tecla Merlo. 1964- 5 febbraio 1989.Rocca di Papa (Mondo Migliore) 2-5 febbraio 1989." a1° ed c1989aRoma bCasa Generalizia FSP a156 p.c29,5 cm aIndice Presentazione Partecipanti Programma Sigle Benvenuto alle partecipanti al Convegno (Sr. Maria Cevolani fsp, Superiora Generale) Parte 1.a: Inquadratura storica Parte 2.a: La personalità della Prima Maestra Tecla e il suo messaggio spirituale Parte 3.a: La Prima Maestra Tecla nelle testimonianze Conclusione del Convegno (Sr. Maria Cevoolani fsp, Superiora Generale) Attualizzazione: Lavori di gruppo e appendice Attualizzazione: lavori di gruppo Recital: Veglia Prima Maestra Guida alla Moostra sulla Prima Maestra Canti sulla Prima Maestra Indice  aFiglie di San Paolo943 cBK2ddc c26328d26328 00102ddc406P_D371aPAULUSbPAULUSd2012-04-11l0oP D3r2012-04-11 00:00:00w2012-04-11yBK